Statistics for Country Flags Quiz #3

Click here to take the quiz!

General Stats

  • This quiz has been taken 248,718 times
    (248,580 since last reset)
  • The average score is 12 of 20

Answer Stats

Answer% Correct
Poland
77%
Pakistan
74%
North Korea
73%
Kenya
71%
Lebanon
70%
Albania
69%
Colombia
69%
Egypt
69%
Malaysia
66%
Georgia
66%
Venezuela
62%
Sri Lanka
61%
Bangladesh
60%
Bhutan
57%
Afghanistan
57%
Panama
56%
Trinidad & Tobago
55%
Singapore
51%
Libya
41%
Tanzania
34%

Score Distribution

Percentile by Number Answered

Percent of People with Each Score

Your Score History

You have not taken this quiz since the last reset